Statistics for British History by Letter - X Y Z

Click here to take the quiz!

General Stats

  • This quiz has been taken 322 times
    (184 since last reset)
  • The average score is 4 of 6

Answer Stats

HintAnswer% Correct
City known as Eboracum by the Romans that later became the Viking capital of EnglandYork
93%
British colony formerly known as Southern Rhodesia that gained independence in 1980Zimbabwe
91%
Crimean city that hosted a conference between Roosevelt, Churchill and Stalin to discuss the post-war reorganisation of EuropeYalta
70%
Chemical element discovered by Scottish chemist, William RamseyXenon
63%
The shortest war in history, fought between the United Kingdom and this former Sultanate and lasting a mere 38 minutesZanzibar
36%
Series of colonial wars that became the longest running military action by the British Empire on the African continentXhosa Wars
22%

Score Distribution

Percentile by Number Answered

Percent of People with Each Score

Your Score History

You have not taken this quiz since the last reset